[Event "56.SMM Gröden 1-CSK Merania"]
[Site "?"]
[Date "2025.01.11"]
[Round "5.1"]
[White "De Santis, Alessio"]
[Black "Moroder, Stephan"]
[Result "1-0"]
[WhiteElo "2120"]
[BlackElo "2173"]
[PlyCount "71"]
[EventDate "2025.??.??"]
[SourceVersionDate "2025.01.12"]

{[%evp 0,71,30,-15,-24,-14,-14,-61,-31,-40,-27,-21,-23,-15,4,-32,-10,-44,-30,-26,-17,-30,-43,-43,-21,-33,-40,-37,53,51,87,12,21,26,87,87,130,120,127,114,114,114,114,122,141,107,107,115,100,91,97,122,129,118,401,208,208,208,287,287,294,285,326,326,326,326,326,326,326,314,326,314,292,287]} 1. b3 e5 2. Bb2 Nc6 3. c4 Nf6 4. e3 a6 5. Nf3 e4 6. Nd4 Bc5 7. Nxc6 dxc6 8. Be2 O-O 9. Nc3 Qe7 10. Qc2 Bf5 11. h3 Rfd8 12. g4 Bg6 13. h4 h5 14. gxh5 Nxh5 15. O-O-O Ba3 16. Rdg1 Bxb2+ 17. Qxb2 Kf8 18. Rg5 Nf6 19. h5 Nxh5 20. Rgxh5 Bxh5 21. Rxh5 Kg8 22. Qc2 g6 23. Rh1 f5 24. Rg1 Kf7 25. d3 exd3 26. Bxd3 Rd6 27. c5 Rf6 28. Ne2 b6 29. Qc4+ Kg7 30. Nf4 Rh8 31. cxb6 cxb6 32. Qc3 Rh6 33. Bxf5 Kf7 34. Bxg6+ Rhxg6 35. Rxg6 Rxg6 36. Nxg6 1-0

[Event "56.SMM Gröden 1-CSK Merania"]
[Site "?"]
[Date "2025.01.11"]
[Round "5.2"]
[White "Demetz, Rainer"]
[Black "Wieser, Josef"]
[Result "1-0"]
[WhiteElo "2199"]
[BlackElo "1887"]
[PlyCount "119"]
[EventDate "2025.??.??"]
[SourceVersionDate "2025.01.12"]

{[%evp 0,76,26,21,21,-4,25,2,17,-51,20,-10,32,-15,12,-16,27,37,66,52,63,64,37,10,36,13,4,-1,56,64,60,43,87,54,102,49,93,53,53,79,79,-30,55,48,35,27,21,36,15,-70,-81,-55,-23,-72,-36,-55,11,-19,-22,-38,-23,-23,79,58,124,120,91,103,88,2,87,74,71,71,122,106,116,93,81]} 1. Nf3 d5 2. c4 c6 3. g3 Nf6 4. Bg2 e6 5. O-O Bd6 6. b3 e5 7. Bb2 Nbd7 8. d3 h5 9. cxd5 cxd5 10. Nc3 a6 11. h4 Nb6 12. Ng5 Bg4 13. a4 Be6 14. a5 Nbd7 15. e4 Bg4 16. f3 Bc5+ 17. Kh2 d4 18. Nb1 Be6 19. Nd2 Bb4 20. Ba3 Bxa5 21. Nxe6 fxe6 22. Nc4 Bc7 23. Bh3 Kf7 24. Bc1 b5 25. Na3 Rc8 26. Bg5 Bb8 27. Rf2 Rc3 28. Nb1 Rc6 29. b4 Qc7 30. Rfa2 Rc8 31. Rxa6 Rxa6 32. Rxa6 Qc2+ 33. Qxc2 Rxc2+ 34. Nd2 Rb2 35. Bxe6+ Ke7 36. Kh3 Rxb4 37. Nb3 Bd6 38. Bd5 Ra4 39. Rc6 Ra3 40. f4 exf4 41. Nxd4 Bb8 42. Rc8 Ne5 43. Rxb8 f3 44. Rb7+ Ke8 45. Bxf6 gxf6 46. Nxf3 Nxf3 47. Bf7+ Kd8 48. Rxb5 Ne5 49. Bxh5 Nxd3 50. Rf5 Ke7 51. Rf3 Ke6 52. Bg6 Ke5 53. h5 Ke6 54. e5 Kxe5 55. Rxd3 Ra1 56. Re3+ Kd6 57. Kg4 Ra5 58. Bf5 Kd5 59. h6 Ra4+ 60. Re4 1-0

[Event "56.SMM Gröden 1-CSK Merania"]
[Site "?"]
[Date "2025.01.11"]
[Round "5.3"]
[White "Zuev, Mikhail"]
[Black "Bernardi, Ruben"]
[Result "1-0"]
[WhiteElo "1890"]
[BlackElo "2070"]
[PlyCount "105"]
[EventDate "2025.??.??"]
[SourceVersionDate "2025.01.12"]

{[%evp 0,105,45,25,36,-10,5,-7,29,39,39,39,39,39,44,41,48,38,45,37,13,11,11,0,11,-9,3,-21,14,-21,-22,-21,-21,-34,32,9,8,-12,-20,-16,0,0,0,-30,-41,-31,-31,-37,-28,-31,-18,-56,-45,-67,1,-53,-53,-57,-47,-55,-41,-180,-180,-159,-158,-180,-150,-150,-138,-138,-152,-151,-151,-159,-159,-161,-55,-55,-55,-89,-76,-174,-174,-156,-156,-172,165,165,165,165,161,161,161,161,162,169,169,170,170,170,306,306,306,314,506,509,509,509]} 1. d4 e6 2. c4 Nf6 3. Nf3 Bb4+ 4. Bd2 Be7 5. Nc3 d5 6. e3 O-O 7. Rc1 b6 8. cxd5 exd5 9. Bd3 Bb7 10. O-O c5 11. Ne5 Nbd7 12. f4 Ne4 13. Qc2 f5 14. Bxe4 fxe4 15. Qa4 Nxe5 16. fxe5 a5 17. Rxf8+ Bxf8 18. Qb3 Bc6 19. a4 Rb8 20. Rf1 Qd7 21. Qa2 Kh8 22. b3 Be7 23. Qb1 h6 24. Qe1 b5 25. axb5 Bxb5 26. Nxb5 Rxb5 27. Qf2 Rxb3 28. Bxa5 Qg4 29. Bd2 Rb2 30. h3 Qg5 31. Rd1 c4 32. Qf4 Qh5 33. Qf1 Rc2 34. Ba5 Qg5 35. Re1 Ra2 36. Bc3 Rc2 37. Ba5 Ba3 38. Re2 Rc1 39. Be1 c3 40. Kh2 c2 41. Qf2 Rxe1 42. Rxc2 Rxe3 43. h4 Qg4 44. Qxe3 Qxh4+ 45. Qh3 Qxh3+ 46. Kxh3 Kg8 47. Kg4 g6 48. Ra2 Bb4 49. Kf4 Bc3 50. Ke3 h5 51. Ra6 Bb2 52. Rxg6+ Kf7 53. Rd6 1-0

[Event "56.SMM Gröden 1-CSK Merania"]
[Site "?"]
[Date "2025.01.11"]
[Round "5.4"]
[White "Moroder, Thomas"]
[Black "Battiston, Claudio"]
[Result "1-0"]
[WhiteElo "2029"]
[BlackElo "1875"]
[PlyCount "63"]
[EventDate "2025.??.??"]
[SourceVersionDate "2025.01.12"]

{[%evp 0,63,19,29,77,64,88,87,89,84,77,75,90,43,83,83,60,60,62,27,10,11,11,13,13,25,10,-40,-40,-40,86,79,67,51,83,-34,-20,13,-35,-41,-41,-46,64,1,78,58,47,47,187,238,275,275,454,247,291,292,349,420,420,365,340,372,424,424,722,722]} 1. e4 g6 2. d4 Bg7 3. Nc3 c6 4. Bc4 b5 5. Bb3 b4 6. Qf3 e6 7. Nce2 d5 8. e5 Ne7 9. Bg5 Nd7 10. Ba4 Bb7 11. a3 a5 12. Qb3 Qb6 13. Bd2 Nf5 14. Nf3 bxa3 15. Rxa3 O-O 16. g4 Nh6 17. Ng5 Nxg4 18. Qh3 h5 19. Rb3 Qc7 20. Rg1 Ngxe5 21. dxe5 Nxe5 22. Bf4 Ba6 23. Re3 Qb7 24. Bxe5 Bxe5 25. Rxe5 Qxb2 26. Qc3 Qxc3+ 27. Nxc3 f6 28. Rxe6 fxg5 29. Rxg6+ Kf7 30. R1xg5 Rfe8+ 31. Kd2 d4 32. Bb3+ 1-0

[Event "56.SMM Gröden 1-CSK Merania"]
[Site "?"]
[Date "2025.01.11"]
[Round "5.5"]
[White "Wieser, Christoph"]
[Black "Grossi, Christian"]
[Result "0-1"]
[WhiteElo "1883"]
[BlackElo "1961"]
[PlyCount "72"]
[EventDate "11.??.??"]

{[%evp 0,72,19,28,85,80,77,48,51,51,68,38,37,26,23,6,-3,-9,-6,-22,8,-18,-16,-2,16,-5,0,-62,-66,-52,-59,-59,-59,-81,-59,-177,-159,-180,-178,-177,-188,-385,-391,-393,-385,-392,-380,-373,-373,-378,-364,-425,-433,-564,-425,-464,-421,-503,-516,-531,-541,-544,-482,-523,-363,-565,-512,-650,-672,-677,-679,-679,-661,-843,-766]} 1. e4 d6 2. Nc3 c5 3. f4 g6 4. Nf3 Bg7 5. Bc4 Nc6 6. O-O e6 7. d3 Nge7 8. Qe1 O-O 9. f5 exf5 10. Qh4 h5 11. Bg5 Qc7 12. Bf6 Be6 13. Nd5 Bxd5 14. exd5 Bxf6 15. Qxf6 Nb4 16. Qg5 Kg7 17. Nh4 Nxc2 18. Rac1 Nd4 19. Rce1 Ng8 20. Nxf5+ Nxf5 21. Rxf5 f6 22. Qg3 h4 23. Qxh4 gxf5 24. Re3 Rf7 25. Bb5 Kf8 26. Qf4 a6 27. Ba4 b5 28. Bd1 Re7 29. Re6 Rxe6 30. dxe6 Re8 31. Qxf5 c4 32. d4 c3 33. b4 Qc4 34. Bb3 Qxd4+ 35. Kf1 Qe5 36. Qf3 d5 {0-} 0-1

[Event "56.SMM Gröden 1-CSK Merania"]
[Site "?"]
[Date "2025.01.11"]
[Round "5.6"]
[White "Alam, Syed Mahbubul"]
[Black "Wild, Alex"]
[Result "1-0"]
[WhiteElo "1955"]
[BlackElo "1747"]
[PlyCount "123"]
[EventDate "11.??.??"]
[SourceVersionDate "2025.01.12"]

{[%evp 0,94,14,25,13,26,1,1,22,13,15,15,13,6,4,-3,-17,-7,5,5,5,5,5,1,19,6,26,26,14,19,87,27,102,83,82,76,77,96,102,100,182,148,389,182,182,172,205,124,114,107,106,110,129,129,129,129,129,118,119,115,123,105,134,125,125,91,93,66,93,86,99,81,116,119,153,111,154,151,157,157,156,161,195,166,169,169,175,139,126,146,334,334,334,275,302,313,411]} 1. e4 e5 2. Bc4 Nf6 3. d3 Bc5 4. Nc3 Nc6 5. Be3 Bb6 6. Nf3 O-O 7. Bg5 h6 8. Bh4 Ba5 9. O-O Bxc3 10. bxc3 d6 11. h3 Na5 12. Bb3 Be6 13. Qe2 Nxb3 14. axb3 Kh7 15. Qe3 Qd7 16. Bxf6 gxf6 17. Nh4 Rg8 18. Kh2 f5 19. f4 exf4 20. Rxf4 Qe7 21. Nxf5 Qg5 22. Qf3 Rg6 23. Rg4 Qf6 24. Rxg6 fxg6 25. Nd4 Qe5+ 26. g3 Bd7 27. Qf7+ Qg7 28. Rf1 Rg8 29. Qf4 a5 30. Qf7 Re8 31. c4 Re7 32. Qxg7+ Kxg7 33. Nb5 Be8 34. Kg2 b6 35. Kf3 Kf6 36. Ke3+ Ke6 37. Rf8 Kd7 38. Rf6 h5 39. h4 Rg7 40. Kf4 Rf7 41. Kg5 Re7 42. Kh6 Re5 43. Kg7 g5 44. Nc3 c6 45. d4 Re7+ 46. Kf8 gxh4 47. gxh4 Rh7 48. Kg8 Re7 49. Kf8 Rh7 50. Na4 b5 51. cxb5 cxb5 52. Nb6+ Kd8 53. Rxd6+ Kc7 54. Rf6 Bc6 55. d5 Kxb6 56. Rxc6+ Kb7 57. e5 Rh8+ 58. Kg7 Rd8 59. c4 a4 60. bxa4 bxa4 61. Rc5 Rc8 62. Rxc8 1-0

[Event "56.SMM Gröden 2-ASD Arci Scacchi BZ"]
[Site "?"]
[Date "2025.01.11"]
[Round "5.1"]
[White "Olivetti, Davide"]
[Black "Luciani, Valerio"]
[Result "1-0"]
[WhiteElo "2158"]
[BlackElo "2157"]
[PlyCount "159"]
[EventDate "11.??.??"]
[SourceVersionDate "2025.01.12"]

{[%evp 0,102,27,32,40,51,15,29,47,42,33,28,41,28,22,22,18,23,26,33,53,48,54,54,54,31,24,35,65,28,0,-7,29,10,15,21,37,56,36,35,58,58,86,84,64,76,115,79,107,64,63,25,25,10,10,-70,-61,-61,-56,-29,0,0,0,18,0,-4,-32,22,22,69,-23,-96,-107,-265,0,-60,-57,-94,0,0,135,-78,-159,-132,79,97,88,-552,-25,-33,-21,-21,-18,-60,0,0,0,0,0,-22,0,0,0,0,102]} 1. e4 e6 2. d4 d5 3. Nd2 h6 4. Ngf3 Nf6 5. e5 Nfd7 6. Bd3 c5 7. c3 Nc6 8. O-O a5 9. b3 cxd4 10. cxd4 Qb6 11. Bb2 a4 12. Rc1 Be7 13. Qe2 Ndb8 14. Qe3 Bd7 15. Bb1 a3 16. Bc3 Na6 17. Rfd1 Nab4 18. Nf1 O-O-O 19. Qf4 Be8 20. h4 f5 21. exf6 gxf6 22. Re1 Bd7 23. Bd2 Qc7 24. Qe3 Bd6 25. Qe2 Kb8 26. Ne3 Rdg8 27. Bxb4 Bxb4 28. Red1 Qd6 29. Bd3 Ne7 30. Nc2 Ba5 31. b4 Bc7 32. Nxa3 e5 33. dxe5 fxe5 34. Nc4 dxc4 35. Bh7 Nd5 36. Qxc4 Bc6 37. Bxg8 Rxg8 38. b5 Qg6 39. Ne1 Nb6 40. Qf1 Bd5 41. a4 e4 42. a5 Bc4 43. axb6 Bxf1 44. bxc7+ Kc8 45. Kxf1 Qb6 46. Rd5 Rf8 47. Rc2 Qf6 48. h5 b6 49. g3 Kb7 50. Ng2 Rc8 51. Ne3 Qa1+ 52. Kg2 Rxc7 53. Rxc7+ Kxc7 54. g4 Qf6 55. Rf5 Qe6 56. Kg3 Qd6+ 57. Kh3 Qe6 58. g5 hxg5 59. Kg4 Kd7 60. Kxg5 Qe7+ 61. Kf4 Qh4+ 62. Ng4 Ke7 63. h6 Kd6 64. Re5 Qh1 65. Rxe4 Qc1+ 66. Kf5 Qc8+ 67. Kf4 Qc1+ 68. Kf5 Qc8+ 69. Kg5 Qd8+ 70. Kh5 Qf8 71. Re5 Qf7+ 72. Kg5 Qg8+ 73. Kh4 Qa8 74. Rf5 Qh1+ 75. Kg5 Ke7 76. f3 Qa1 77. Kg6 Qd4 78. Rf7+ Ke6 79. Rf6+ Ke7 80. h7 1-0

[Event "56.SMM Gröden 2-ASD Arci Scacchi BZ"]
[Site "?"]
[Date "2025.01.11"]
[Round "5.2"]
[White "Insam, Raffael"]
[Black "Perino, Alberto"]
[Result "0-1"]
[WhiteElo "1818"]
[BlackElo "1986"]
[PlyCount "114"]
[EventDate "11.??.??"]
[SourceVersionDate "2025.01.12"]

{[%evp 0,103,19,36,39,36,37,27,43,71,123,56,52,13,42,20,67,38,68,32,66,58,54,-8,-12,-12,-20,-16,-13,-8,-12,-32,-9,-22,-12,-17,-7,-13,13,-16,-8,-43,-42,-44,-35,-19,-48,-21,3,-10,-32,-19,-27,-24,-14,-12,-70,-68,-69,-68,-74,-84,-83,-166,-165,-151,-48,-59,-56,-54,-42,-78,-53,-103,-72,-107,-66,-120,-134,-147,-154,-179,-202,-203,-221,-229,-237,-243,-261,-289,-288,-311,-350,-352,-349,-370,-385,-393,-393,-429,-326,-546,-617,-1012,-549,-617]} 1. e4 e6 2. d4 d5 3. Nc3 Nf6 4. e5 Ng8 5. Nce2 Bd7 6. f4 Bb5 7. Nf3 c5 8. c3 Nh6 9. Be3 Nf5 10. Bf2 cxd4 11. cxd4 Qb6 12. Qb3 Nc6 13. Nc3 Bxf1 14. Qxb6 axb6 15. Rxf1 h5 16. Ke2 g6 17. g3 Be7 18. a3 Kd7 19. Rac1 Ra5 20. a4 Bb4 21. Rc2 Bxc3 22. bxc3 Rxa4 23. Rb1 Kc7 24. Rcb2 Ra6 25. h3 Rha8 26. Kd3 Ra2 27. Ng5 Rxb2 28. Rxb2 Nh6 29. Nf3 Ra1 30. Ke2 Na5 31. Nd2 Rc1 32. Kd3 Nf5 33. Rb1 Rxb1 34. Nxb1 Nc4 35. Kc2 Kc6 36. Kb3 Kb5 37. Be1 Ne7 38. Nd2 Nxd2+ 39. Bxd2 Nc6 40. g4 Na5+ 41. Kc2 hxg4 42. hxg4 Kc4 43. Bc1 b5 44. Bb2 Nc6 45. f5 gxf5 46. gxf5 b4 47. fxe6 fxe6 48. cxb4 Nxd4+ 49. Kd2 Nc6 50. Bc3 Nxb4 51. Ba1 Nc6 52. Ke3 d4+ 53. Ke4 b5 54. Bb2 b4 55. Ba1 Kb3 56. Kd3 Ka2 57. Bxd4 Nxd4 0-1

[Event "56.SMM Gröden 2-ASD Arci Scacchi BZ"]
[Site "?"]
[Date "2025.01.11"]
[Round "5.3"]
[White "Zammarchi, Massimo"]
[Black "Kasslatter, Matthias"]
[Result "1-0"]
[WhiteElo "1976"]
[BlackElo "1767"]
[PlyCount "92"]
[EventDate "2025.??.??"]
[SourceVersionDate "2025.01.12"]

{[%evp 0,92,32,25,25,12,19,20,16,6,59,71,53,82,94,91,96,113,107,107,103,63,111,107,138,114,117,64,193,174,110,227,227,227,227,214,315,303,303,297,358,337,459,315,298,300,328,325,328,262,239,250,236,214,213,214,211,208,231,214,211,211,236,203,230,228,236,214,217,234,227,212,220,203,297,241,258,258,297,207,233,250,250,258,297,283,331,348,348,354,428,422,440,387,409]} 1. e4 e5 2. Nf3 Nc6 3. Bc4 Bc5 4. c3 d6 5. d4 exd4 6. cxd4 Bb4+ 7. Nc3 Bg4 8. O-O Bxc3 9. bxc3 Nf6 10. Rb1 Rb8 11. h3 Bh5 12. e5 dxe5 13. d5 e4 14. Ba3 Ne7 15. Qa4+ c6 16. dxc6 O-O 17. Ne5 Qc7 18. Nd7 Nxd7 19. cxd7 Rfd8 20. Bxe7 Qxd7 21. Qxd7 Rxd7 22. Bc5 Rc8 23. Bb5 Rd2 24. Bd4 Rxa2 25. Rfe1 Bg6 26. Ra1 Rxa1 27. Rxa1 a6 28. Be2 Bf5 29. Kf1 Bd7 30. Ke1 Bc6 31. g3 Kf8 32. Kd2 f5 33. h4 g6 34. Ke3 Kf7 35. Bc4+ Ke7 36. Kf4 h6 37. Ke5 Bd7 38. Bd5 Bc6 39. Bc5+ Ke8 40. Bg8 Bb5 41. Bd4 Ke7 42. Be6 Rc6 43. Bd5 Rc7 44. h5 Be8 45. hxg6 Bxg6 46. Rh1 h5 1-0

[Event "56.SMM Gröden 2-ASD Arci Scacchi BZ"]
[Site "?"]
[Date "2025.01.11"]
[Round "5.4"]
[White "Scola, Matteo"]
[Black "Benvenuto, Alexander"]
[Result "0-1"]
[WhiteElo "1803"]
[BlackElo "1783"]
[PlyCount "90"]
[EventDate "11.??.??"]
[SourceVersionDate "2025.01.12"]

{[%evp 0,90,35,25,41,30,33,28,1,-7,-16,-4,14,7,-1,6,8,8,8,-3,6,-4,2,15,12,-15,12,-28,-8,7,82,62,192,-81,-102,-109,-91,-59,-54,-66,-58,-41,-41,-41,-35,16,130,52,52,-114,35,29,28,-67,-62,-136,-150,-201,-201,-256,-249,-249,-264,-301,-311,-306,-311,-311,-295,-297,-286,-295,-284,-312,-327,-379,-382,-410,-429,-390,-381,-388,-395,-415,-419,-442,-431,-506,-585,-875,-913,-950,-688]} 1. e4 e6 2. d4 d5 3. Nd2 Nf6 4. e5 Nfd7 5. Ngf3 c5 6. c3 Nc6 7. Bd3 cxd4 8. cxd4 Qb6 9. O-O Nxd4 10. Nxd4 Qxd4 11. Nf3 Qb6 12. a3 Be7 13. Be3 Bc5 14. Bd2 a5 15. Qa4 O-O 16. Bxh7+ Kxh7 17. Qh4+ Kg8 18. Ng5 Rd8 19. Qh7+ Kf8 20. Qh8+ Ke7 21. Qxg7 Rf8 22. Nh7 Bd4 23. Bg5+ Ke8 24. Bf4 Qxb2 25. Nxf8 Nxf8 26. Bh6 Bc5 27. Rfb1 Qxf2+ 28. Kh1 Qf5 29. Rf1 Qg6 30. Qh8 Qh7 31. Qf6 Be7 32. Qg7 Qxg7 33. Bxg7 Bd7 34. Rf3 Bb5 35. a4 Bc4 36. Rb1 Rb8 37. Rh3 Ng6 38. Rc3 b5 39. axb5 Rxb5 40. Rxb5 Bxb5 41. Rc8+ Kd7 42. Ra8 a4 43. g3 d4 44. Ra7+ Kc6 45. Kg2 Bc5 0-1

[Event "56.SMM Gröden 2-ASD Arci Scacchi BZ"]
[Site "?"]
[Date "2025.01.11"]
[Round "5.5"]
[White "Gasparro, Antonio"]
[Black "Knottner, Klaus"]
[Result "1/2-1/2"]
[WhiteElo "1664"]
[BlackElo "1768"]
[PlyCount "107"]
[EventDate "11.??.??"]
[SourceVersionDate "2025.01.12"]

{[%evp 0,78,19,20,26,15,15,-13,16,15,23,-17,12,11,20,34,48,52,40,33,59,49,53,42,48,34,34,28,15,-34,-40,-50,-50,-47,-7,-7,311,336,330,268,272,259,238,240,238,215,245,230,331,271,288,251,269,256,261,275,257,129,129,129,129,129,137,132,132,137,130,130,137,118,132,123,132,110,132,132,132,118,136,136,132]} 1. d4 Nf6 2. c4 e6 3. a3 d5 4. Nc3 Nbd7 5. Bg5 Be7 6. e3 c5 7. cxd5 exd5 8. Nf3 O-O 9. Bd3 a6 10. O-O h6 11. Bh4 c4 12. Bc2 b5 13. Re1 Bb7 14. e4 Nxe4 15. Bxe7 Qxe7 16. Nd2 Qd8 17. Ndxe4 Qb6 18. Ng3 Rfe8 19. Rxe8+ Rxe8 20. Qd2 Nf6 21. h3 Bc6 22. Kf1 Qa5 23. Re1 Rd8 24. Qf4 Bd7 25. Nf5 Bxf5 26. Qxf5 b4 27. axb4 Qxb4 28. Nxd5 Rxd5 29. Qc8+ Qf8 30. Bh7+ Nxh7 31. Re8 Rxd4 32. Rxf8+ Nxf8 33. Qxa6 Ne6 34. g3 g6 35. Ke2 Kg7 36. Ke3 Rd3+ 37. Ke2 Rd4 38. Qa3 Rd3 39. Qb4 Rd4 40. Qc3 Kg8 41. Qe3 Rd3 42. Qxh6 Nd4+ 43. Kf1 Nf3 44. Qc1 Rd5 45. Kg2 Ne5 46. f4 Nd7 47. Qxc4 Rd2+ 48. Kf3 Rxb2 49. Qc3 Rb6 50. Kg4 Nf6+ 51. Kf3 Re6 52. g4 Nd5 53. Qd4 Ne7 54. Qd8+ 1/2-1/2

[Event "56.SMM Gröden 2-ASD Arci Scacchi BZ"]
[Site "?"]
[Date "2025.01.11"]
[Round "5.6"]
[White "Demetz, Josef"]
[Black "De Vita, Gianni"]
[Result "1/2-1/2"]
[WhiteElo "1653"]
[BlackElo "1950"]
[PlyCount "92"]
[EventDate "11.??.??"]
[SourceVersionDate "2025.01.12"]

{[%evp 0,83,31,27,41,21,6,16,12,20,23,10,30,29,33,32,55,29,21,24,28,32,41,33,67,-12,-8,-11,-12,-50,0,0,21,-22,42,29,103,111,110,121,115,119,126,119,116,115,116,56,103,81,81,81,87,72,58,55,55,54,125,128,189,201,215,155,292,140,152,147,137,137,150,113,94,94,87,75,77,31,28,31,33,33,38,0,0,0]} 1. e4 c5 2. c3 Nf6 3. e5 Nd5 4. d4 cxd4 5. cxd4 Nc6 6. Nf3 d6 7. Bc4 Nb6 8. Bb5 a6 9. Bxc6+ bxc6 10. O-O Bg4 11. h3 Bh5 12. e6 fxe6 13. Re1 Qd7 14. Qb3 Nd5 15. Ng5 Bf7 16. Qf3 Nf6 17. Nc3 g6 18. Nce4 Bg7 19. Nxf7 Kxf7 20. Ng5+ Kg8 21. Nxe6 Nd5 22. Bg5 h6 23. Bh4 Re8 24. Re2 Bf6 25. Qg4 g5 26. Qf5 Nf4 27. Re4 Nxe6 28. Rxe6 Bg7 29. Bg3 Rf8 30. Qe4 Rf7 31. Re1 Bf6 32. h4 gxh4 33. Bxh4 Bxh4 34. Qxh4 Rhh7 35. Rxh6 Qf5 36. Rxh7 Rxh7 37. Qe4 Qh5 38. Qe6+ Kf8 39. Qc8+ Kf7 40. Qe6+ Kf8 41. f3 Qh1+ 42. Kf2 Qh4+ 43. Kf1 Qh1+ 44. Kf2 Qh4+ 45. Kf1 Qh1+ 46. Kf2 Qh4+ 1/2-1/2

[Event "56.SMM Richter/Lask-SG Kaltern/Tramin"]
[Site "?"]
[Date "2025.01.11"]
[Round "5.1"]
[White "Panjkovic, Aleksandar"]
[Black "Moncher, Stefano"]
[Result "1/2-1/2"]
[WhiteElo "2162"]
[BlackElo "2054"]
[PlyCount "42"]
[EventDate "2025.??.??"]

{[%evp 0,42,33,12,30,30,44,42,32,14,23,20,30,13,13,20,13,22,35,20,33,32,32,49,20,33,35,35,25,10,32,26,26,26,16,59,66,50,55,84,83,89,89,80,92]} 1. Nf3 Nf6 2. d4 g6 3. Bg5 Bg7 4. Nbd2 d5 5. e3 O-O 6. Bd3 c5 7. c3 Qb6 8. Rb1 Nc6 9. O-O Bf5 10. Bxf5 gxf5 11. Ne5 Nxe5 12. dxe5 Ng4 13. Bxe7 Rfe8 14. Bf6 Nxf6 15. exf6 Bxf6 16. Qf3 Qe6 17. Rfd1 b6 18. Nf1 Rad8 19. Ng3 d4 20. cxd4 cxd4 21. exd4 Bxd4 1/2-1/2

[Event "56.SMM Richter/Lask-SG Kaltern/Tramin"]
[Site "?"]
[Date "2025.01.11"]
[Round "5.2"]
[White "Unterweger, Jonas"]
[Black "Zucchelli, Massimo"]
[Result "1-0"]
[WhiteElo "1948"]
[BlackElo "2092"]
[PlyCount "123"]
[EventDate "2025.??.??"]

{[%evp 0,123,33,23,30,24,30,23,26,47,81,37,47,22,14,7,5,12,11,-27,10,9,7,-31,1,-37,-30,-50,-36,-38,19,-21,-19,-3,-9,13,8,11,12,26,30,21,19,16,23,33,45,39,42,43,43,61,59,59,78,46,36,-16,7,0,6,11,13,-4,-4,-75,-49,-47,-51,-20,-20,-44,23,18,0,0,48,48,49,49,60,61,77,54,43,43,43,42,38,43,42,35,49,42,72,32,64,35,20,28,24,58,109,146,159,148,134,188,188,24,353,513,580,594,594,808,972,1171,1132,1194,1436,2383,2183,2124,2448,29982]} 1. d4 Nf6 2. Bf4 e6 3. Nf3 c5 4. e3 d5 5. c3 Be7 6. Ne5 Nbd7 7. Nd2 Nxe5 8. dxe5 Nd7 9. Bd3 Qc7 10. Nf3 b6 11. h4 h6 12. h5 Bb7 13. Rh3 O-O-O 14. Rg3 Rdg8 15. Qb1 Nf8 16. a4 a6 17. Kf1 Kb8 18. Kg1 Ka7 19. b3 Qc8 20. c4 a5 21. Qc2 Qe8 22. Rh3 f5 23. cxd5 Bxd5 24. e4 fxe4 25. Bxe4 g5 26. hxg6 Nxg6 27. Bg3 h5 28. Kh1 h4 29. Bh2 Bxe4 30. Qxe4 Qa8 31. Qxa8+ Kxa8 32. Rd1 Rd8 33. Rxd8+ Rxd8 34. g3 hxg3 35. Rxg3 Nh4 36. Nxh4 Bxh4 37. Rg6 Re8 38. Kg2 Kb7 39. f4 Bd8 40. Kf3 Kc8 41. Bg3 Kd7 42. Rh6 Rg8 43. Bf2 Rg7 44. Bh4 Bxh4 45. Rxh4 Kc6 46. Rh6 Kd5 47. Rh1 Kd4 48. Rd1+ Kc3 49. Rd6 b5 50. Rxe6 Kxb3 51. axb5 c4 52. f5 c3 53. Rc6 a4 54. f6 Rg1 55. b6 Rg8 56. b7 Rb8 57. f7 c2 58. Rc8 a3 59. f8=Q c1=Q 60. Qf7+ Kb2 61. Rxc1 Kxc1 62. Qc7+ 1-0

[Event "56.SMM Richter/Lask-SG Kaltern/Tramin"]
[Site "?"]
[Date "2025.01.11"]
[Round "5.3"]
[White "Maier, Fridolin"]
[Black "Billio, Atto"]
[Result "0-1"]
[WhiteElo "1909"]
[BlackElo "2003"]
[PlyCount "50"]
[EventDate "2025.??.??"]

{[%evp 0,50,33,33,52,52,100,48,41,25,27,21,23,26,-3,-8,7,10,-3,-3,9,-39,-37,-36,-41,-80,-49,-60,-99,-74,-72,-70,-46,-96,-96,-201,-118,-238,-199,-453,-438,-662,-710,-710,-679,-792,-995,-900,-1254,-1302,-1375,-2376,-2742]} 1. e4 c5 2. Nc3 g6 3. f4 Bg7 4. Nf3 Nc6 5. Bb5 Nd4 6. O-O a6 7. Bd3 d6 8. Nxd4 Bxd4+ 9. Kh1 b5 10. Ne2 Bg7 11. c3 Nf6 12. Ng3 c4 13. Bc2 h5 14. e5 dxe5 15. fxe5 h4 16. Ne4 Ng4 17. Ng5 Nxe5 18. d4 cxd3 19. Bf4 h3 20. Bxe5 hxg2+ 21. Kxg2 Bb7+ 22. Kg1 Bxe5 23. Nf3 Qb6+ 24. Rf2 Bxh2+ 25. Nxh2 Rxh2 0-1

[Event "56.SMM Richter/Lask-SG Kaltern/Tramin"]
[Site "?"]
[Date "2025.01.11"]
[Round "5.4"]
[White "Pangrazzi, Marco"]
[Black "Dibiasi, Rainer"]
[Result "1-0"]
[WhiteElo "2169"]
[BlackElo "1878"]
[PlyCount "113"]
[EventDate "2025.??.??"]

{[%evp 0,113,21,33,50,45,45,40,48,30,52,40,55,55,55,51,41,22,22,39,40,53,68,49,37,56,51,43,40,29,38,46,51,39,40,35,57,65,56,84,153,95,150,173,215,204,218,152,177,155,144,-116,-137,-118,-118,-181,-82,-95,-1,21,31,40,37,50,37,8,-16,4,76,-2,42,149,153,159,165,97,191,196,477,259,280,299,325,336,333,349,349,425,414,421,421,225,238,278,273,285,266,282,262,264,319,330,345,323,396,416,483,346,360,395,478,425,523,553,953,1043]} 1. e4 d5 2. exd5 Nf6 3. Nc3 Nxd5 4. Bc4 Nxc3 5. Qf3 e6 6. dxc3 Nd7 7. Bf4 Bd6 8. Bxd6 cxd6 9. Qg3 O-O 10. Qxd6 Qf6 11. Qg3 Nc5 12. Qe3 b6 13. O-O-O Bb7 14. f3 Rac8 15. Ne2 a6 16. a3 b5 17. Ba2 a5 18. Rd6 b4 19. axb4 axb4 20. cxb4 Ra8 21. Kb1 Na4 22. Qd4 Qg5 23. Bc4 e5 24. Qf2 Rfd8 25. Rhd1 Rxd6 26. Rxd6 Qe7 27. Rd1 Qxb4 28. Bb3 Nc5 29. Nc1 Qa5 30. Ba2 Ne6 31. Qe1 Qb5 32. c4 Qc5 33. b4 Qc7 34. Nd3 Rxa2 35. Kxa2 Qxc4+ 36. Kb2 Bd5 37. Nc1 Nd4 38. Qc3 Qa6 39. Qc5 Qe6 40. Ne2 h6 41. Nxd4 exd4 42. Rxd4 Ba2 43. Rd8+ Kh7 44. Qc2+ f5 45. Rc8 Bd5 46. Rc5 Qe5+ 47. Kc1 Qe1+ 48. Qd1 Qe3+ 49. Qd2 Qa3+ 50. Kd1 Bb3+ 51. Ke1 Qa1+ 52. Kf2 Qf6 53. Qf4 Be6 54. h3 Qb2+ 55. Kg1 Qa1+ 56. Kh2 Qe1 57. Re5 1-0

[Event "56.SMM Richter/Lask-SG Kaltern/Tramin"]
[Site "?"]
[Date "2025.01.11"]
[Round "5.5"]
[White "Florian, Andreas"]
[Black "Buglisi, Massimo"]
[Result "0-1"]
[WhiteElo "1714"]
[BlackElo "1920"]
[PlyCount "66"]
[EventDate "2025.??.??"]

{[%evp 0,66,25,-13,-7,3,43,27,14,10,19,-16,1,-17,-17,-17,-6,-13,-11,-20,-16,-24,-7,-19,-15,-19,17,0,-16,-23,-4,-15,6,-113,-95,-117,-108,-96,-129,-135,-113,-109,-109,-109,-60,-103,-104,-104,-104,-290,-139,-312,-314,-321,-338,-338,-288,-304,-304,-378,-459,-633,-661,-965,-1008,-1147,-1261,-1291,-871]} 1. c4 Nf6 2. Nc3 g6 3. g3 Bg7 4. Bg2 O-O 5. e4 d6 6. Nge2 c5 7. O-O Nc6 8. d3 a6 9. h3 Rb8 10. a4 Ne8 11. Be3 Nc7 12. d4 b6 13. Qd2 e5 14. d5 Nd4 15. Rab1 Bxh3 16. Bh6 Bxg2 17. Kxg2 Qf6 18. Nxd4 exd4 19. Ne2 Rfe8 20. f3 b5 21. b3 Na8 22. Rh1 bxa4 23. bxa4 Nb6 24. Qc2 Nd7 25. Rh4 Bxh6 26. Rxh6 Ne5 27. Nf4 Rxb1 28. Qxb1 Nxc4 29. Qh1 Rb8 30. Nd3 Ne3+ 31. Kh2 c4 32. Nf4 Rb2+ 33. Kh3 Qg7 0-1